NGOs Eastern Africa 2009/10 : (Record no. 15179)
[ view plain ]
| 000 -LEADER | |
|---|---|
| fixed length control field | 00743cam a22002172 4500 |
| 001 - CONTROL NUMBER | |
| control field | 0000018968 |
| 005 - DATE AND TIME OF LATEST TRANSACTION | |
| control field | 20151217161147.0 |
| 008 - FIXED-LENGTH DATA ELEMENTS--GENERAL INFORMATION | |
| fixed length control field | 100823s xx 000 0 eng d |
| 020 ## - INTERNATIONAL STANDARD BOOK NUMBER | |
| International Standard Book Number | 9966707948 : |
| 040 ## - CATALOGING SOURCE | |
| Original cataloging agency | KABU |
| Transcribing agency | KABU |
| 245 10 - TITLE STATEMENT | |
| Title | NGOs Eastern Africa 2009/10 : |
| Remainder of title | directory & profiles. |
| 250 ## - EDITION STATEMENT | |
| Edition statement | 5th ed. |
| 260 ## - PUBLICATION, DISTRIBUTION, ETC. (IMPRINT) | |
| Place of publication, distribution, etc. | Nairobi : |
| Name of publisher, distributor, etc. | New Dawn Media, |
| Date of publication, distribution, etc. | 2009. |
| 300 ## - PHYSICAL DESCRIPTION | |
| Extent | 358 p. |
| 650 #0 - SUBJECT ADDED ENTRY--TOPICAL TERM | |
| Topical term or geographic name as entry element | Human services |
| Form subdivision | Directories |
| Geographic subdivision | Africa, Eastern. |
| -- | 0000159478 |
| 650 #0 - SUBJECT ADDED ENTRY--TOPICAL TERM | |
| Topical term or geographic name as entry element | Non-governmental organizations |
| Form subdivision | Directories |
| Geographic subdivision | Africa, Eastern. |
| -- | 0000159479 |
| 650 #0 - SUBJECT ADDED ENTRY--TOPICAL TERM | |
| Topical term or geographic name as entry element | Non-profit organizations. |
| Form subdivision | Directories |
| Geographic subdivision | Africa, Eastern. |
| -- | 0000159480 |
| 852 1# - LOCATION | |
| -- | p500 KES |
| 908 ## - PUT COMMAND PARAMETER (RLIN) | |
| Put command parameter | 100823 |
| 950 ## - LOCAL HOLDINGS (RLIN) | |
| -- | 1 |
| Withdrawn status | Lost status | Source of classification or shelving scheme | Not for loan | Home library | Current library | Date acquired | Total Checkouts | Full call number | Barcode | Date last seen | Price effective from | Koha item type |
|---|---|---|---|---|---|---|---|---|---|---|---|---|
| Library of Congress Classification | Not For Loan | Kabarak, Main Campus | Kabarak, Main Campus | 17/12/2015 | HV446 .N46 2009 | 24150 | 17/12/2015 | 17/12/2015 | Reference |